000 00283 a2200109 4500
001 73755
082 _a808.88MAN
090 _c38992
_d38992
100 _aSaadat Hasan Manto
245 _a Wet Afternoon; Stories, Sketches, Reminiscences
260 _apakistan
_bWWW.alhamra.com
_c2001
942 _aNUST-CAE
_k808.88MAN
999 _c308828
_d308828